000 00586nam a2200193 a 4500
001 BRCA_753
005 20190320203133.0
008 991103c1987----gw-a---###---#000-0#eng-d
040 _aCKQ
_cCKQ
_dXRG
050 4 _aN6465.A7
_b.L67 1987
100 1 _aLorenz, Otto
_d1951-
_92492
245 1 0 _aArt Nouveau
_cOtto Lorenz.
260 _aNueva York
_bBartley and Jensen
_c1987
300 _a160 p.
_bil. a color
_c35 cm.
500 _aIncluye tabla de ilustraciones
650 1 4 _aArt Nouveau
_ySiglos XIX y XX
_92493
650 1 4 _aDecoración y ornamentación
_xArt Nouveau
_92494
942 _2lcc
_cB
999 _c652
_d652